[Event "Voronezh op-B 23rd"]
[Site "Voronezh"]
[Date "2019.06.18"]
[Round "7"]
[White "Ryumshin, Vladislav"]
[Black "Nasonov, Vadim"]
[Result "0-1"]
[WhiteElo "1651"]
[BlackElo "2155"]
[PlyCount "66"]
[EventDate "2019.06.12"]
[EventType "swiss"]
[EventRounds "9"]
[EventCountry "RUS"]
[SourceTitle "EXT 2020"]
[Source "ChessBase"]
[SourceDate "2019.10.17"]
[SourceVersion "1"]
[SourceVersionDate "2019.10.17"]
[SourceQuality "1"]

1. e4 e5 2. Nf3 Nc6 3. Nc3 Nf6 4. Bb5 d6 5. 0-0 Be7 6. d3 0-0 7. Be3 h6 8. h3 Nh7 9. Nd2 f5 10. exf5 Bxf5 11. Bc4+ Kh8 12. f4 Nd4 13. fxe5 dxe5 14. Nd5 Bc5 15. Nb3 Nxb3 16. Bxb3 Bd6 17. Nc3 Qh4 18. Qe1 Qh5 19. Bd5 Qg6 20. Bxb7 Rab8 21. Be4 Rxb2 22. Rxf5 Rxf5 23. g4 Bb4 24. Bxf5 Qc6 25. Bd2 Rxc2 26. Ne4 Ng5 27. Nxg5 Bxd2 28. Nf7+ Kg8 29. Nxh6+ gxh6 30. Qe4 Be3+ 31. Kh1 Rc1+ 32. Kh2 Qc2+ 33. Qg2 Bf4# 0-1

[Event "Voronezh op-B 23rd"]
[Site "Voronezh"]
[Date "2019.06.16"]
[Round "5"]
[White "Ryumshin, Vladislav"]
[Black "Kiseleva, Arina"]
[Result "0-1"]
[WhiteElo "1651"]
[BlackElo "2049"]
[PlyCount "148"]
[EventDate "2019.06.12"]
[EventType "swiss"]
[EventRounds "9"]
[EventCountry "RUS"]
[SourceTitle "EXT 2020"]
[Source "ChessBase"]
[SourceDate "2019.10.17"]
[SourceVersion "1"]
[SourceVersionDate "2019.10.17"]
[SourceQuality "1"]

1. e4 c5 2. Nf3 d6 3. d4 cxd4 4. Nxd4 Nf6 5. Nc3 Nc6 6. Be3 Ng4 7. Bb5 Nxe3 8. Nxc6 Nxd1 9. Nxd8+ Kxd8 10. Rxd1 e6 11. 0-0 a6 12. Ba4 b5 13. Bb3 Bb7 14. a3 g6 15. f4 Ke7 16. f5 Bg7 17. fxe6 fxe6 18. Rd3 Rac8 19. Re1 Rc5 20. Nd1 Rf8 21. c3 Rh5 22. Nf2 Rh4 23. g3 Rxh2 24. Kxh2 Rxf2+ 25. Kg1 Rxb2 26. c4 Be5 27. Kf1 Bc6 28. Rde3 h5 29. R1e2 Rb1+ 30. Re1 Rb2 31. R1e2 Rxb3 32. Rxb3 bxc4 33. Rb4 c3 34. a4 a5 35. Rc4 Kd7 36. Re3 Bb7 37. Kf2 Bc6 38. Rf3 d5 39. exd5 exd5 40. Rcxc3 Bd4+ 41. Ke1 Bxc3+ 42. Rxc3 Kd6 43. Kd2 Bd7 44. Ke3 Ke5 45. Rc5 Bxa4 46. Rxa5 Bc2 47. Rc5 Be4 48. Ra5 Kf5 49. Ra6 Kg4 50. Kf2 g5 51. Ra7 h4 52. gxh4 gxh4 53. Rg7+ Kf4 54. Rg8 h3 55. Kg1 d4 56. Kh2 Bg2 57. Rd8 Ke3 58. Re8+ Kd2 59. Rd8 d3 60. Rd7 Ke2 61. Rd8 d2 62. Re8+ Kd1 63. Rd8 Bf1 64. Rc8 Ke1 65. Re8+ Be2 66. Rd8 Bf1 67. Re8+ Kd1 68. Rd8 Ke1 69. Re8+ Be2 70. Rd8 Bg4 71. Re8+ Kf2 72. Rd8 Ke2 73. Re8+ Kd3 74. Rd8+ Kc2 0-1

[Event "Voronezh op-B 23rd"]
[Site "Voronezh"]
[Date "2019.06.13"]
[Round "2"]
[White "Medvedev, Matvey"]
[Black "Ryumshin, Vladislav"]
[Result "1/2-1/2"]
[WhiteElo "1929"]
[BlackElo "1651"]
[PlyCount "98"]
[EventDate "2019.06.12"]
[EventType "swiss"]
[EventRounds "9"]
[EventCountry "RUS"]
[SourceTitle "EXT 2020"]
[Source "ChessBase"]
[SourceDate "2019.10.17"]
[SourceVersion "1"]
[SourceVersionDate "2019.10.17"]
[SourceQuality "1"]

1. d4 d5 2. c4 c6 3. Nf3 e6 4. e3 f5 5. Bd3 Nf6 6. 0-0 Nbd7 7. cxd5 cxd5 8. b3 Bd6 9. Ba3 Bxa3 10. Nxa3 0-0 11. Rc1 Nb6 12. Ne5 Bd7 13. Qe2 Qe7 14. Nb1 Rfc8 15. Qb2 Qe8 16. a4 Bc6 17. Nd2 Nbd7 18. Ndf3 Nxe5 19. Nxe5 Bd7 20. Qa3 Qf8 21. Qxf8+ Kxf8 22. f3 Ke7 23. g4 g6 24. Kf2 Rxc1 25. Rxc1 Rc8 26. Rxc8 Bxc8 27. g5 Nd7 28. Nxd7 Bxd7 29. h4 a5 30. Kg3 Kd6 31. Kf4 Be8 32. Be2 Bf7 33. Bb5 Bg8 34. Kg3 Bf7 35. Kh3 Ke7 36. Kg3 Kd6 37. Kf2 Ke7 38. Ke2 Be8 39. Bxe8 Kxe8 40. b4 axb4 41. Kd3 Kd7 42. Kc2 b6 43. Kb3 Kc7 44. Kxb4 Kc6 45. a5 bxa5+ 46. Kxa5 Kc7 47. Ka6 Kc6 48. f4 Kc7 49. Ka7 Kc6 1/2-1/2